MDQL
is popping MORE tags! Check the
thread
!
Quizzes
Events
Quiz Creation
Community
Videos
Private Events
Remove Ads
Sign In
Join for FREE
Feedback
Dark Mode
Quiz Categories
Sports
Geography
Music
Movies
Television
Just For Fun
Miscellaneous
History
Literature
Language
Science
Gaming
Entertainment
Religion
Holiday
For Kids
Quiz Lab
Recent
Popular Today
Quiz Kudos Today
Editor Picks
Curator Picks
Quizzes by...
Day
Popularity
Type
Ratings
Length
Year
Community
Subscriptions
Recent Discussions
Orange Saloon
Badges
Playlists
Quests
Create
Leaderboards
Showdown
Live 5
Trivia Bingo
Activity
Puzzle Library
Sporcle Events
Private Events
Virtual Trivia
Globe League
Become a Host
Pub Owners
SporcleCon
Opinionation
Our Games
Videos
Blog
Mobile Apps
Partnerships
Remove Ads and Go Orange
Feedback
Literature
Harry Potter
A Song of Ice and Fire
The Hunger Games
Literary Character
Shakespeare
Book
Author
Novel
Poem
Young Adult
Children's Books
Play
Lord of the Rings
Literature
Harry Potter
A Song of Ice and Fire
The Hunger Games
Literary Character
Shakespeare
Book
Author
Novel
Poem
Young Adult
Children's Books
Play
Lord of the Rings
Random Quiz
Search Sporcle
×
Quiz Lab
Quiz Lab
Literature
Harry Potter
Type in answers that appear in a list
Type in answers that appear in a list
Classic
Best Score? Go Orange.
Harry Potter and the Chamber of Secrets Stats
Can you name the Random facts from Harry Potter and the Chamber of Secrets?
By
bmelche
10m
20 Questions
1,864 Plays
1,864 Plays
1,864 Plays
Comments
Comments
Give Quiz Kudos
Give Quiz Kudos
-
- Ratings
hide this ad
More Info
Forced Order
Answers have to be entered in order
Answers have to be entered in order
Random Order
Randomize order of answers
Randomize order of answers
Replay
Link that replays current quiz
Next Quiz
Link to next quiz in quiz playlist
You Got
0%
They Got
Avg Score
47%
Avg Friend Score
Upgrade to see
Score Distribution
Jump to the score distribution portion of the page
Score
0/20
Timer
10:00
0
Plays Today
Question
Answer
% Correct
What were the instructions Hagrid discreetly told Ron and Harry before he was taken off to Azkaban?
Follow the spiders
79.7%
What word is written on the note Hermione is holding in her hand when she is petrified?
Pipes
78.8%
What is the name of Gilderoy Lockhart's Autobiography?
Magical Me
67.3%
Who was headmaster when Tom was at school?
Armando Dippet
65.8%
Who tells the second-
year students about the Chamber of Secrets?
Professor Binns
62.5%
Where is Harry when he first hears the basilisk?
Lockhart's Office
61%
What punishment did Molly Weasley give Fred, George, and Ron after they rescued Harry from the Dursleys?
De-gnoming the garden
55.6%
In what year did Tom Riddle first open the chamber of secrets?
1942
55.1%
What was Hagrid buying in Knockturn Alley?
Flesh-Eating Slug Repellent
52.6%
Who distracts Filch by convincing Peeves to drop the Vanishing Cabinet?
Nearly Headless Nick
50.7%
Question
Answer
% Correct
What did Mr. Mason say Mrs. Mason was deathly afraid of?
Owls
45.4%
What does the writing on the wall say when Ginny is taken down to the Chamber of Secrets?
Her Skeleton Will Lie In The Chamber Forever
45.2%
In what year did Nearly Headless Nick die?
1492
40.5%
In what book was the recipe for Polyjuice Potion?
Moste Potente Potions
39.1%
What did the Dursleys send Harry for Christmas?
A toothpick
32.2%
What did Dumbledore award Ron and Harry each for what they did in the Chamber of Secrets?
200 House Points and an Award for Special Services to the School
29.5%
How many questions was the Second Year Essential Knowledge Quiz that Lockhart gave on the first day of class?
54
28.6%
Which award did Gilderoy Lockhart win five times?
Witch Weekly's Most Charming Smile Award
27.6%
What was the name of the leader of the Headless Hunt?
Sir Patrick Delaney-Podmore
22.1%
What decree did Harry break when he used magic?
Decree for the Reasonable Restriction of Underage Sorcery
6.2%
Quiz Playlist
Details
Report
Send in Message
Add To Playlist
More Info:
I did my best to make a quiz with totally abstract, original questions. Let me know what you think!
Classic:
Type in answers that appear in a list
Forced Order:
Answers have to be entered in order
Random Order:
Randomize order of answers
Last Updated: Nov 1, 2019
Quiz Scoreboard
CHALLENGE
Sign Up to Join the Scoreboard
Show All
Scores
Hide
Comments
May contain spoilers
Recently Published
Two Season TV Shows II
by 123Four
Television
10m
Image Sorting: Flags VI
by Barbecue
Geography
2m
Find the 'City' Movie
by crazypaving
Movies
60s
More to Explore
Quiz From the Vault
Featured Blog Post
14 Easter Pick-up Lines to Find Eggs With
hide this ad
You Might Also Like...
Tags
Book Quiz
Harry Potter Quiz
Chamber
Hogwarts
J.K. Rowling
magic
Today's Top Quizzes in Literature
Browse Literature
hide this ad
Today's Top Quizzes in Harry Potter
Browse Harry Potter
Top Contributed Quizzes in Literature
1
Sneaky Slytherin Logic Puzzle
2
Criteria Quiz: Harry Potter Deaths
3
Harry Potter logic puzzle: The Hogwarts Soap Opera
4
Weasley Family Reunion: Logic Puzzle
5
Get The Picture: Black or White Literature
6
'Middle' Earth
7
Harry Potter Slytherin Logic Puzzle
8
Logic Puzzle: Avoid Dumbledore's Army
9
ASOIAF Siblings Logic Puzzle
10
The Men of ASOIAF - Logic Puzzle (Hard)
Explore More
Trending Topics
NBA
Disney
Marvel
Kpop
Harry Potter
Crossword
Anime
Song
Soccer
Pokémon
Puzzle
NFL
Country
WWE
The Office
hide this ad
More By:
bmelche
Quiz
Plays
Rating
Category
Featured
Created
Harry Potter and the Chamber of Secrets
1,864
4.29
Literature
Apr 20, 2011
Random facts from Harry Potter and the Sorcerer's Stone
1,070
4.00
Literature
Mar 17, 2011
Go to Creator's Profile
Score Distribution
Quiz Creator Spotlight
bmelche
Follow
Send a Message
Quizzes Created
-
Created Quiz Play Count
-
More By This Creator
Popular Quizzes Today
1
Find the US States - No Outlines Minefield
2
Colored Red Africa Blitz
3
Find the 'City' Movie
4
5x2 Blitz: Bands
5
The Countries of the World
6
Find the Countries of Europe - No Outlines Minefield
7
Find the US States
8
US States
More Literature Quizzes
Pumpkins in A Song Of Ice and Fire
Editor's Pick
Trending Quizzes
Colored Red Europe Blitz I
Colored Red Africa Blitz II
Colored Red Europe Blitz II
Colored Red Europe Blitz III
Colored Red Africa Blitz III
Recently Updated
How Do You Spell That?
pecheneg
Godzilla Movies
pecheneg
Grab Bag: 4-10 Letters
pecheneg
2024 March Madness Bracket
pecheneg
Famous TV Couples
Peacemaker
Champions League XIs: Real Madrid
pecheneg
Largest US Cities 1790-2010
pecheneg
Rides in Walt Disney World
pecheneg
Most Oscar Losses (Acting)
pecheneg
Beyoncé Albums
pecheneg
Trending Topics
Harry Potter
Disney
Kpop
Crossword
NBA
Marvel
Anime
Soccer
Song
Country
Puzzle
Pokémon
WWE
NFL
The Office
Your Account Isn't Verified!
In order to create a playlist on Sporcle, you need to verify the email address you used during registration. Go to your
Sporcle Settings
to finish the process.
Report this User
Report this user for behavior that violates our
Community Guidelines
.
Details:
Send Report
Go to the Sporcle.com Mobile Site →
Comments